000 01182cam a22003134a 4500
001 15370380
003 ARRUPE
005 20251022085434.0
008 080717s2009 mau b 001 0 eng
010 _a 2008031718
020 _a9781405170987
_qhardcover : alk. paper
020 _a9781405170970
_qpbk. : alk. paper
035 _a15370380
040 _aDLC
_cDLC
_dDLC
050 0 0 _aBJ1012
_b.C655 2025
082 0 0 _a170
_222
100 1 _aMhonderwa, Bradwell
_952908
245 1 0 _aEthics in action :
_brevolutionising the workplace /
_cBradwell Mhonderwa
260 _aZimbabwe:
_bEssential books publishing,
_c2025.
300 _c26 cm.
300 _ax, 195 pages ;
504 _aIncludes bibliographical references and index.
650 0 _aEthics
_vTextbooks.
_952909
856 4 1 _3Table of contents only
_uhttp://www.loc.gov/catdir/toc/ecip0824/2008031718.html
906 _a7
_bcbc
_corignew
_d1
_eecip
_f20
_gy-gencatlg
942 _2lcc
_cMONOGRAPH
999 _c131966
_d131966